<?xml version="1.0" encoding="UTF-8"?>
<record
    xmlns:xsi="http://www.w3.org/2001/XMLSchema-instance"
    xsi:schemaLocation="http://www.loc.gov/MARC21/slim http://www.loc.gov/standards/marcxml/schema/MARC21slim.xsd"
    xmlns="http://www.loc.gov/MARC21/slim">

  <leader>00966nam a2200289 a 4500</leader>
  <controlfield tag="001">BRL_67</controlfield>
  <controlfield tag="005">20190320210556.0</controlfield>
  <controlfield tag="008">041012c19uu----sz-a######---#000-0#fre-#</controlfield>
  <datafield tag="041" ind1=" " ind2=" ">
    <subfield code="a">fre</subfield>
  </datafield>
  <datafield tag="044" ind1=" " ind2=" ">
    <subfield code="a">sz</subfield>
  </datafield>
  <datafield tag="050" ind1=" " ind2="4">
    <subfield code="a">F2230.1S7</subfield>
    <subfield code="b">.V57 1959</subfield>
  </datafield>
  <datafield tag="245" ind1="1" ind2="0">
    <subfield code="a">Visages de bronze</subfield>
    <subfield code="c">photographies de Pierre Allard et Philippe Luzuy ; pr&#xE9;face de Paul Morand.</subfield>
  </datafield>
  <datafield tag="260" ind1=" " ind2=" ">
    <subfield code="a">Neuch&#xE2;tel</subfield>
    <subfield code="b">Ides et Calendes</subfield>
    <subfield code="c">[19--?]</subfield>
  </datafield>
  <datafield tag="300" ind1=" " ind2=" ">
    <subfield code="a">72 p.</subfield>
    <subfield code="b">il.</subfield>
    <subfield code="c">29 cm.</subfield>
  </datafield>
  <datafield tag="440" ind1=" " ind2="0">
    <subfield code="a">Dans la meme</subfield>
    <subfield code="v">25</subfield>
    <subfield code="9">22816</subfield>
  </datafield>
  <datafield tag="500" ind1=" " ind2=" ">
    <subfield code="a">Au63</subfield>
  </datafield>
  <datafield tag="651" ind1=" " ind2="4">
    <subfield code="a">Ind&#xED;genas de Am&#xE9;rica del Sur</subfield>
    <subfield code="x">Vida social y costumbres</subfield>
    <subfield code="9">22817</subfield>
  </datafield>
  <datafield tag="651" ind1=" " ind2="4">
    <subfield code="a">Ind&#xED;genas de Ecuador</subfield>
    <subfield code="x">Vida social y costumbres</subfield>
    <subfield code="9">22818</subfield>
  </datafield>
  <datafield tag="651" ind1=" " ind2="4">
    <subfield code="a">Ind&#xED;genas de Bolivia</subfield>
    <subfield code="x">Vida social y costumbres</subfield>
    <subfield code="9">22819</subfield>
  </datafield>
  <datafield tag="651" ind1=" " ind2="4">
    <subfield code="a">Ecuador</subfield>
    <subfield code="x">Civilizaci&#xF3;n</subfield>
    <subfield code="9">22820</subfield>
  </datafield>
  <datafield tag="651" ind1=" " ind2="4">
    <subfield code="a">Bolivia</subfield>
    <subfield code="x">Civilizaci&#xF3;n</subfield>
    <subfield code="9">22821</subfield>
  </datafield>
  <datafield tag="700" ind1="1" ind2=" ">
    <subfield code="a">Allard, Pierre</subfield>
    <subfield code="e">il.</subfield>
    <subfield code="9">22822</subfield>
  </datafield>
  <datafield tag="700" ind1="1" ind2=" ">
    <subfield code="a">Morand, Paul</subfield>
    <subfield code="9">15499</subfield>
  </datafield>
  <datafield tag="700" ind1="1" ind2=" ">
    <subfield code="a">Luzuy, Philippe</subfield>
    <subfield code="9">22823</subfield>
  </datafield>
  <datafield tag="902" ind1=" " ind2=" ">
    <subfield code="a">GRL</subfield>
  </datafield>
  <datafield tag="942" ind1=" " ind2=" ">
    <subfield code="2">lcc</subfield>
    <subfield code="c">B</subfield>
  </datafield>
  <datafield tag="999" ind1=" " ind2=" ">
    <subfield code="c">8880</subfield>
    <subfield code="d">8880</subfield>
  </datafield>
  <datafield tag="952" ind1=" " ind2=" ">
    <subfield code="0">0</subfield>
    <subfield code="1">0</subfield>
    <subfield code="4">0</subfield>
    <subfield code="7">0</subfield>
    <subfield code="a">BRL</subfield>
    <subfield code="b">BRL</subfield>
    <subfield code="d">2012-10-04</subfield>
    <subfield code="i">Au63</subfield>
    <subfield code="l">0</subfield>
    <subfield code="o">F2230.1S7 .V57 1959 (Au63)</subfield>
    <subfield code="p">GRL00069</subfield>
    <subfield code="r">2019-03-22 00:00:00</subfield>
    <subfield code="w">2019-03-22</subfield>
    <subfield code="y">B</subfield>
  </datafield>
</record>
